Catálogo
 En Linea

Manual de cria de camarones peneidos en estanques de aguas salobres. (Registro nro. 36408)

Detalles MARC
000 -CABECERA
campo de control de longitud fija 00477nam a2200133 a 4500
001 - NÚMERO DE CONTROL
campo de control 000036918
005 - FECHA Y HORA DE LA ÚLTIMA TRANSACCIÓN
campo de control 20200930080023.0
008 - DATOS DE LONGITUD FIJA--INFORMACIÓN GENERAL
campo de control de longitud fija 120206s1988 pn 000 0 spa d
040 ## - FUENTE DE LA CATALOGACIÓN
Centro catalogador/agencia de origen DO-SdBNP
Lengua de catalogación spa
Centro/agencia transcriptor BNPHU
082 ## - NÚMERO DE LA CLASIFICACIÓN DECIMAL DEWEY
Número de clasificación xxxx
Número de documento/Ítem M294
245 00 - MENCIÓN DE TÍTULO
Título Manual de cria de camarones peneidos en estanques de aguas salobres.
260 ## - PUBLICACIÓN, DISTRIBUCIÓN, ETC.
Lugar de publicación, distribución, etc. Panamá :
Nombre del editor, distribuidor, etc. Dirección Nacional de Acuicultura
-- Centro de Documetación e Información de Acuicultura, CEDIA,
Fecha de publicación, distribución, etc. 1988.
300 ## - DESCRIPCIÓN FÍSICA
Extensión 54 p. :
Otras características físicas ils., retr.
Existencias
Estado de retiro Estado de pérdida Restricciones de uso No para préstamo Código de colección Localización permanente Ubicación/localización actual Ubicación en estantería Fecha de adquisición Número de inventario Total de préstamos Signatura topográfica completa Código de barras Fecha visto por última vez Precio válido a partir de Tipo de ítem Koha
        Monografías: Libros y Folletos General General Orden iniciada 06.02.2012 LF1   xxxx M294 36918-10 25.06.2020 25.06.2020 No se presta

Con tecnología Koha